Songs with the Same Name - Statistics

General Stats
  • This quiz has been taken 70 times
    56 since last reset
  • The average score is 3 of 10
Answer Stats
Artist 1 Answer Artist 2 % Correct
Adele Hello Lionel Richie
96%
Kool & The Gang Celebration / Cherish Madonna
31%
Michael Jackson Bad U2
25%
Ed Sheeran Photograph Nickelback
21%
Christina Aguilera Beautiful Eminem
15%
Bon Jovi It's My Life No Doubt
15%
Maroon 5 Animals Martin Garrix
13%
Frank Sinatra My Way Usher
13%
ABBA SOS Rihanna
13%
Michael Buble Home Daughtry
12%
No matching quizzes found
Score Distribution
Percent of People with Each Score
Percentile by Number Answered
Your Score History
You have not taken this quiz since the last reset